LEADER 01470nam 2200457 450 001 9910480546903321 010 $a0-8232-7586-8 035 $a(CKB)3710000001364821 035 $a(MiAaPQ)EBC4857923 035 $a(EXLCZ)993710000001364821 100 $a20170607h20172017 uy 0 101 0 $aeng 135 $aurcnu|||||||| 181 $2rdacontent 182 $2rdamedia 183 $2rdacarrier 200 10$aBelieving in order to see $eon the rationality of revelation and the irrationality of some believers /$fJean-Luc Marion ; translated by Christina M. Gschwandtner 210 1$aNew York :$cFordham University Press,$d2017. 210 4$dİ2017 215 $a1 online resource (145 pages) 225 1 $aPerspectives in Continental Philosophy 300 $aIncludes index. 311 $a0-8232-7585-X 410 0$aPerspectives in continental philosophy. 606 $aRevelation$xChristianity 606 $aFaith and reason$xChristianity 606 $aPhilosophy and religion 608 $aElectronic books. 615 0$aRevelation$xChristianity. 615 0$aFaith and reason$xChristianity. 615 0$aPhilosophy and religion. 676 $a231/.042 700 $aMarion$b Jean-Luc$f1946-$0142253 702 $aGschwandtner$b Christina M. 801 0$bMiAaPQ 801 1$bMiAaPQ 801 2$bMiAaPQ 906 $aBOOK 912 $a9910480546903321 996 $aBelieving in Order to See$91770744 997 $aUNINA LEADER 01186nam 2200361Ia 450 001 9910695519403321 005 20070424163233.0 035 $a(CKB)5470000002371580 035 $a(OCoLC)85365082 035 $a(OCoLC)995470000002371580 035 $a(EXLCZ)995470000002371580 100 $a20070227d2007 ua 0 101 0 $aeng 135 $aurbn| ||||| 181 $ctxt$2rdacontent 182 $cc$2rdamedia 183 $acr$2rdacarrier 200 00$aGuidelines for smallpox vaccine packing & shipping$b[electronic resource] 210 1$a[Washington, D.C.] :$cU.S. Dept. of Health and Human Services, Centers for Disease Control and Prevention,$d[2007?] 215 $a30 pages $cdigital, PDF file 517 3 $aGuidelines for smallpox vaccine packing and shipping 517 1 $aSmallpox 606 $aSmallpox$xPacking 606 $aSmallpox vaccine 615 0$aSmallpox$xPacking. 615 0$aSmallpox vaccine. 712 02$aCenters for Disease Control and Prevention (U.S.) 801 0$bGPO 801 1$bGPO 906 $aBOOK 912 $a9910695519403321 996 $aGuidelines for smallpox vaccine packing & shipping$93125472 997 $aUNINA